01146nam a2200301Ia 450000500170000000800410001702000180005804100080007610000390008424501020012325000180022530000500024350000550029352100350034865000510038365000500043465000340048465000480051865000380056665000350060470000350063926400340067433600270070833700330073533800280076804000350079608400130083120220317001739.0170328s2010 c a g 000 0 s  a9789507540899 aspa1 aRosaspini Reynolds, Robertod1940-13aEl mágico mundo de los duendescRoberto Rosaspini Reynolds ; ilustraciones de Fernando Molinari a1a. edición a[101] páginasbilustraciones a colorc30 cm aIncluye datos biográficos del autor e ilustrador aRecomendado desde los 6 años142LEMBaLeyendas infantiles argentinasySiglo XX142LEMBaLiteratura infantil argentinaySiglo XX142LEMBaGnomos en la literatura142LEMBaPersonajes diminutos en la literatura142LEMBaFantasía en la literatura142LEMBaDuendes en la literatura1 aMolinari, Fernandoeilustrador aBogotábPanamericanacc2010 atextobtxt2rdacontent asin mediaciónbn2rdamedia avolumenbnc2rdacarrier aCO-BoRNBPbspaerdacCO-BoRNBP aLM ROS10